000 00521nam a2200169 i 4500
001 95370
003 ES-MaACL
005 20230906181706.0
007 t|
008 050527s1979 sp ||||1| spa d
100 1 _aLlanos Company, Manuel.
_972713
245 1 3 _aEl curado del tabaco /
_cManuel LLanos Company.
260 _aMadrid :
_bMinisterio de Agricultura,
_c1979.
300 _a91 p. con 3 lám. :
_bil. ;
_c19 cm.
710 1 _aEspaña.
_bMinisterio de Agricultura.
_93837
852 _aES-MaACL
_jA-10684
_bR.99982
999 _c95370
_d95370